LEADER 00890nam0 2200265 450 001 000024182 005 20090309152946.0 010 $a978-0-898716-44-3$b(vol. 1) 100 $a20090309d2008----km-y0itay50------ba 101 0 $aeng 102 $aUS 105 $ay-------001yy 200 1 $aNumerical methods in scientific computing$fGermund Dahlquist, Åke Björck 210 $aPhiladelphia$cSIAM$d2008- 215 $av.$cfig.$d27 cm 500 10$aNumerical methods in scientific computing$945046 610 1 $aAnalisi numerica$aApplicazioni degli elaboratori 676 $a518$v22$9Analisi numerica 700 1$aDahlquist,$bGermund$041208 701 1$aBjorck,$bAke$027845 801 0$aIT$bUNIPARTHENOPE$c20090309$gRICA$2UNIMARC 912 $a000024182 951 $aDSA 518-N/2 [I]$bDSA 3762$cDSA$d2009 996 $aNumerical methods in scientific computing$945046 997 $aUNIPARTHENOPE LEADER 06302nam 22006975 450 001 9910345993703321 005 20250820184540.0 010 $a3-486-70840-6 024 7 $a10.1515/9783486708400 035 $a(CKB)3710000000405871 035 $a(EBL)4008501 035 $a(SSID)ssj0001561699 035 $a(PQKBManifestationID)16204130 035 $a(PQKBTitleCode)TC0001561699 035 $a(PQKBWorkID)14832825 035 $a(PQKB)10845733 035 $a(MiAaPQ)EBC4008501 035 $a(DE-B1597)229248 035 $a(OCoLC)979769580 035 $a(DE-B1597)9783486708400 035 $a(oapen)https://directory.doabooks.org/handle/20.500.12854/44328 035 $a(oapen)doab44328 035 $a(Au-PeEL)EBL4008501 035 $a(CaPaEBR)ebr11070795 035 $a(CaONFJC)MIL810965 035 $a(OCoLC)951970795 035 $a(EXLCZ)993710000000405871 100 $a20190708d2015 fg 101 0 $ager 135 $aur|n|---||||| 181 $ctxt 182 $cc 183 $acr 200 04$aDie CSU 1945-1948 $eProtokolle und Materialien zur Frühgeschichte der Christlich-Sozialen Union. Band 1: Protokolle 1945-1946, Band 2: Protokolle 1947-1948, Band 3: Materialien, Biographien, Register /$fAlf Mintzel, Barbara Fait 205 $aReprint 2015 210 $cDe Gruyter$d1993 210 1$aBerlin ;$aBoston :$cOldenbourg Wissenschaftsverlag,$d[2015] 210 4$d©1993 215 $a1 online resource (2099 p.) 225 0 $aTexte und Materialien zur Zeitgeschichte ;$v4 300 $aIncludes index. 311 08$a3-486-55982-6 327 $tFrontmatter --$tInhaltsverzeichnis --$tVorbemerkung --$tEinleitung --$tVerzeichnis und Nachweis der Protokolle und Materialien --$tAbkürzungsverzeichnis --$tProtokolle --$tNr. 1. Erste Besprechung des Ausschusses zur Vorbereitung der Gründung einer Christlich-Sozialen Union am 17. September 1945 in München --$tNr. 2. Sitzung des Vorbereitenden Ausschusses der Christlich-Sozialen Union am 21. September 1945 in München --$tNr. 3. Gründungsversammlung der Christlich-Sozialen Union München am 11. Oktober 1945 in München --$tNr. 4. Besprechung über Organisations- und Pressefragen (Christlich-Soziale Union) am 25. Oktober 1945 in München --$tNr. 5. Sitzung des Vorläufigen Landesausschusses der Christlich-Sozialen Union am 17. Dezember 1945 in München --$tNr. 6. Sitzung des Erweiterten Vorläufigen Landesausschusses der Christlich- Sozialen Union am 8. Januar 1946 in München --$tNr. 7. Sitzung des Vorläufigen Landesausschusses der Christlich-Sozialen Union am 23. Januar 1946 in München --$tNr. 8. Sitzung des Vorläufigen Landesausschusses der Christlich-Sozialen Union am 8. Februar 1946 in München --$tNr. 9. Sitzung des Vorläufigen Landesausschusses der Christlich-Sozialen Union am 25. Februar 1946 in München --$tNr. 10. Sitzung des Vorläufigen Landesausschusses der Christlich-Sozialen Union am 14. März 1946 in München --$tNr. 11. Sitzung des Vorläufigen Landesausschusses der Christlich-Sozialen Union am 29. März 1946 in München --$tNr. 12. Tagung des Erweiterten Vorläufigen Landesausschusses der Christlich- Sozialen Union am 30. und 31. März 1946 in Bamberg --$tNr. 13. Sitzung des Landesarbeitsausschusses der Christlich-Sozialen Union am 16. April 1946 in München --$tNr. 14. Sitzung des Landesarbeitsausschusses der Christlich-Sozialen Union am 24. April 1946 in München --$tNr. 15. Sitzung des Landesarbeitsausschusses der Christlich-Sozialen Union am 1. Mai 1946 in München --$tNr. 16. Sitzung des Landesausschusses der Christlich-Sozialen Union am 9. Mai 1946 in München --$tNr. 17. Sitzung des Landesarbeitsausschusses der Christlich-Sozialen Union am 16. Mai 1946 in München --$tNr. 18. Tagung der ersten ordentlichen Landesversammlung der Christlich- Sozialen Union in Bayern am 17. Mai 1946 in München --$tNr. 19. Sitzung des Landesarbeitsausschusses der Christlich-Sozialen Union am 13. Juni 1946 in München --$tNr. 20. Sitzung des Landesarbeitsausschusses der Christlich-Sozialen Union am 5. Juli 1946 in München --$tNr. 21. Sitzung des Erweiterten Landesausschusses der Christlich-Sozialen Union am 6. Juli 1946 in München --$tNr. 22. Sitzung des Landesausschusses der Christlich-Sozialen Union am 6. September 1946 in München --$tNr. 23. Sitzung des Landesausschusses der Christlich-Sozialen Union am 4. Oktober 1946 in München --$tNr. 24 Sitzung des Landesausschusses der Christlich-Sozialen Union am 31. Oktober 1946 in München --$tNr. 25. Sitzung des Landesausschusses der Christlich-Sozialen Union am 6. Dezember 1946 in München --$tNr. 26. Landesversammlung der Christlich-Sozialen Union am 14. und 15. Dezember 1946 in Eichstätt --$tNr. 27. Sitzung des Landesausschusses der Christlich-Sozialen Union am 3. Januar 1947 in Augsburg --$tNr. 28. Außerordentliche Landesversammlung der Christlich-Sozialen Union am 30. und 31. August 1947 in Eichstätt --$tNr. 29. Sitzung des Landesausschusses der Christlich-Sozialen Union am 3. und 4. Januar 1948 in Erlangen --$tNr. 30. Sitzung des Landesausschusses der Christlich-Sozialen Union am 24. Januar 1948 in Marktredwitz --$tNr. 31. Landesversammlung der Christlich-Sozialen Union am 24. und 25. Januar 1948 in Marktredwitz --$tNr. 32. Sitzung des Landesausschusses der Christlich-Sozialen Union am 28. und 29. Februar 1948 in Regensburg --$tAnhang --$tMaterialien --$tKurzbiographien der erwähnten Personen --$tRegister 330 $aDie Reihe erscheint seit 1977. In ihr erscheinen vor allem Editionen historischer Quellen und Inventare; sie dient aber auch zur Publizierung von Bibliographien, Handbüchern und Monographien. 410 0$aTexte und Materialien zur Zeitgeschichte ;$vBand 4. 606 $aChristlich-Soziale Union in Bayern 606 $aHISTORY / General$2bisacsh 615 4$aChristlich-Soziale Union in Bayern. 615 7$aHISTORY / General. 676 $a324.2433082 700 $aMintzel$b Alf$4auth$01844654 701 $aSchlemmer$b Thomas$0319561 702 $aFait$b Barbara 702 $aMintzel$b Alf 712 02$aInstitut fu?r Zeitgeschichte (Munich, Germany) 801 0$bDE-B1597 801 1$bDE-B1597 906 $aBOOK 912 $a9910345993703321 996 $aDie CSU 1945-1948$94427593 997 $aUNINA